| 000 | 00678nam a2200193 i 4500 | ||
|---|---|---|---|
| 001 | 9760 | ||
| 003 | ES-MaACL | ||
| 005 | 20230906145742.0 | ||
| 007 | t| | ||
| 008 | 940104s1992 cl ||||1| spa d | ||
| 080 | _a061.21(83.8)Ateneo de Santiago de Chile | ||
| 100 | 1 |
_aSánchez Durán, Fernando. _9102620 |
|
| 245 | 1 | 3 |
_aEl Ateneo de Santiago _b: tradición y excelencia (1881-1991) / _cFernando Sánchez Durán. |
| 260 |
_a[Santiago de Chile] : _bEdiciones Ateneo, _c1992. |
||
| 300 |
_a113 p., [4] p. de lám. ; _c19 cm. |
||
| 610 | 2 |
_aAteneo de Santiago de Chile- _xHistoria. _92027 |
|
| 710 | 2 |
_aAteneo de Santiago de Chile. _92026 |
|
| 852 |
_aES-MaACL _jL-17054 _bR.121668 |
||
| 999 |
_c9760 _d9760 |
||